| 000 | 00473nam a2200169Ia 4500 | ||
|---|---|---|---|
| 999 |
_c26208 _d26208 |
||
| 003 | OSt | ||
| 005 | 20201202110806.0 | ||
| 008 | 190216s9999||||xx |||||||||||||| ||und|| | ||
| 040 | _coclc | ||
| 082 |
_a894.8123 _bCHE/S |
||
| 100 |
_aCherukad _96437 |
||
| 245 | 0 |
_aSanidasa / _cCherukad |
|
| 260 |
_bDeshabhimani Book House, _c1987. _aTrivandrum: |
||
| 300 | _a261p | ||
| 650 | _aMalayalam Novel | ||
| 942 |
_cBK _2ddc _h894.8123 _iCHE/S _k894.8123 _mCHE/S |
||